narodowosci pilkarzy latwy - Statystyki

Ogólne statystyki
  • Ten quiz został rozwiązany 864 razy
  • Średni wynik to 14 z 15
Statystyki odpowiedzi
pilkarz narodowosc % Poprawnych
cristiano ronaldo portugalia
100%
llionel messi argentyna
99%
neymar jr brazylia
99%
kylian mbappe francja
97%
kamil glik polska
97%
manuel neuer niemcy
95%
paul pogba francja
94%
mohamed salah egipt
92%
kevin de bruine belgia
90%
andres iniesta hiszpania
90%
eden hazard belgia
86%
david de gea hiszpania
86%
mesut ozil niemcy
84%
mathijas de light holandia
80%
alexis sanchez chile
73%
Nie znaleziono quizów pasujących do podanych kryteriów
Rozkład punktacji
Procent ludzi z każdym wynikiem
Percentyl według liczby udzielonych odpowiedzi
Twoja historia wyników
Nie rozwiązałeś tego quizu